000 00958nam a22003497a 4500
001 0036472
003 KOHA_MİRAKIL
005 20260207003008.0
007 ta
008 120430b2011 tu a|||gr||||#||||0|tur |
020 _a9786051331003
040 _aTR-BiSEU
_btur
_cTR-BiSEU
_erda
041 0 _atur
044 _ctu
050 _aQM30
_b.A53 2011
245 0 _aAnatomi/
_cedt. Mustafa Sarsılmaz.
264 1 _aAnkara :
_bNobel
_c2011
300 _a214 sayfa :
_bşkl. ;
_c24 cm.
336 _ametin
_btxt
_2rdacontent
337 _aaracısız
_bn
_2rdamedia
338 _acilt
_bnc
_2rdacarrier
490 1 _aNobel yayın ;
_vno : 198.
490 1 _aSağlık-beslenme ;
_v3.
500 _aDizin var.
500 _aKaynakça var.
650 0 _aTıp--Anatomi.
_967936
650 0 _aMedicine--Anatomy.
_967937
650 0 _a
_95500
830 1 _aNobel yayın ;
_vno : 198.
_91510
830 1 _aSağlık-beslenme ;
_v3.
_969137
942 _2lcc
_cBK
999 _c36369
_d36369